Oscar: film italiani vincitori - Statistics

Statistiche generali
  • Questo quiz è stato fatto 340 volte
  • Il punteggio medio è 7 su 14
Statistiche sulle risposte
Anno Regista Titolo Film % Corretto
1999 Roberto Benigni La vita è bella
96%
2014 Paolo Sorrentino La grande bellezza
77%
1964 Federico Fellini
63%
1950 Vittorio De Sica Ladri di biciclette
63%
1992 Gabriele Salvatores Mediterraneo
63%
1990 Giuseppe Tornatore Nuovo cinema Paradiso
58%
1975 Federico Fellini Amarcord
55%
1957 Federico Fellini La strada
37%
1948 Vittorio De Sica Sciuscià
34%
1958 Federico Fellini Le notti di Cabiria
28%
1972 Vittorio De Sica Il Giardino dei Finzi-Contini
26%
1971 Elio Petri Indagine su un cittadino al di sopra di ogni sospetto
26%
1965 Vittorio De Sica Ieri, Oggi e Domani
16%
1951 René Clément Le mura di Malapaga
10%
Nessun quiz corrispondente trovato
Distribuzione punteggi
Percentuale di utenti per punteggio
Percentile per numero di risposta
I tuoi punteggi nel tempo
Non hai fatto questo quiz